History Quiz

Random History or Clickable Quiz

Presidents by Spouse Blitz Quiz Stats

 Plays Quiz Updated Sep 14, 2015

Score 0/16 Timer 01:00
1 Play Today
% Correct
Bill Clinton
95%
Barack Obama
94.6%
Franklin D. Roosevelt
92.8%
John F. Kennedy
92.4%
Ronald Reagan
90.5%
George W. Bush
85.3%
George Washington
84.5%
Lyndon B. Johnson
82.8%
% Correct
Abraham Lincoln
82.6%
George H.W. Bush
82.1%
Gerald Ford
81.2%
Jimmy Carter
73.9%
James Madison
73.5%
Dwight D. Eisenhower
69.4%
Richard Nixon
69.1%
James A. Garfield
63.7%

You're not logged in!

Compare scores with friends on all Sporcle quizzes.
OR
Log In

Show Comments

Extras

Top Quizzes Today


Score Distribution

Your Account Isn't Verified!

In order to create a playlist on Sporcle, you need to verify the email address you used during registration. Go to your Sporcle Settings to finish the process.

Report this User

Report this user for behavior that violates our Community Guidelines.

Details: